НИРС и производственная практика: о научной работе студентов Томского политехнического института им. С. М. Кирова; Вестник высшей школы; № 11

מידע ביבליוגרפי
Parent link:Вестник высшей школы/ Орган Всесоюзного Комитета по делам высшей школы при СНК СССР.— , 1940-1990.— 0321-0383
№ 11.— 1975.— С. 44-46
מחבר ראשי: Завадовская Е. К. Екатерина Константиновна
מחברים אחרים: Воробьев А. А. Александр Акимович
שפה:רוסית
יצא לאור: 1975
נושאים:
פורמט: Book Chapter
KOHA link:https://koha.lib.tpu.ru/cgi-bin/koha/opac-detail.pl?biblionumber=418220

MARC

LEADER 00000naa2a2200000 4500
001 418220
005 20231101073002.0
035 |a (RuTPU)RU\TPU\prd\75369 
035 |a RU\TPU\prd\75163 
090 |a 418220 
100 |a 20100128a1975 k y0rusy50 ca 
101 0 |a rus 
102 |a RU 
200 1 |a НИРС и производственная практика  |e о научной работе студентов Томского политехнического института им. С. М. Кирова  |f Е. К. Завадовская, А. А. Воробьев 
461 0 |0 (RuTPU)RU\TPU\prd\1  |x 0321-0383  |t Вестник высшей школы  |f Орган Всесоюзного Комитета по делам высшей школы при СНК СССР  |d 1940-1990 
463 0 |0 (RuTPU)RU\TPU\prd\73360  |t № 11  |v С. 44-46  |d 1975 
610 1 |a образование 
610 1 |a научно-исследовательская деятельность 
610 1 |a НИРС 
610 1 |a научно-исследовательская работа 
610 1 |a труды учёных ТПУ 
700 1 |a Завадовская  |b Е. К.  |c российский физик  |c профессор кафедры физики твердого тела Томского политехнического института  |f 1913-2004  |g Екатерина Константиновна  |2 stltpush  |3 (RuTPU)RU\TPU\pers\19787 
701 1 |a Воробьев  |b А. А.  |c российский физик  |c ректор Томского политехнического института, профессор  |f 1909-1981  |g Александр Акимович  |2 stltpush  |3 (RuTPU)RU\TPU\pers\12805 
801 0 |a RU  |b 63413507  |c 20011210  |g PSBO 
801 2 |a RU  |b 63413507  |c 20170926  |g PSBO 
942 |c BK